Zweiter Weltkrieg - Statistiken

Allgemein
  • Dieses Quiz wurde 459 mal gespielt
  • Das Durchschnittsergebnis liegt bei 17 aus 30
Antwortstatistiken
Frage Antwort % Korrekt
Wie heißt sein Anführer? Adolf Hitler
99%
Wie beginnt der Krieg (in Europa)? Mit der Invasion von Polen
92%
Welches Land war nicht Faschistisch? Dänemark
85%
Welchen Titel kann man ihm nicht zusprechen? Premierminister
83%
Von wann bis wann dauert der Zweite Weltkrieg (in Europa)? 01.09.1939 - 08.05.1945
75%
Welches Land war nicht Kommunistisch? Griechenland
75%
Welche Fraktion gewinnt den Krieg? Alliierte
68%
Wer ist nicht Mitglied bei den Alliierten? Kaiserreich Japan
68%
Wer war kein Teilnehmer am aktiven Kriegsgeschehen? Spanien
68%
Wie heißt Hitlers Armee? Wehrmacht
68%
Wie stirbt Adolf Hitler? Er erschießt sich in seinem Bunker, nachdem seine Frau sich zuvor vergiftete. Seine Leiche wird in eine Hakenkreuzfahne gewickelt, verbrannt und irgendwo am Reichstag vergraben
67%
Wie hieß das zentral gelegene europäische Land nicht? Bundesrepublik Deutschland
63%
Welches Land ist an der Ostfront nicht beteiligt? Italien
63%
Welches Land ist an der „Afrikafront“ nicht beteiligt Türkei
63%
Welche „Rasse“ wird im Zeitalter des Dritten Reichs nicht „vernichtet“? Arier
62%
Welches Land ist an der nördlichen Westfront nicht beteiligt? Spanien
61%
Wer ist kein Kopf der Siegermächte? Benito Mussolini
57%
Welches Bündnis schließt Hitler nicht? Chamberlain-Speer-Pakt (Deutschland; Vereinigtes Königreich)
55%
Welches Land ist an der Nordfront nicht beteiligt? Vereinigte Staaten
54%
Welches Land war nicht Demokratisch? Finnland
51%
Welches Land ist an der südlichen Westfront nicht beteiligt? Spanien
48%
Wie viele Tote fordert der Krieg ungefähr? >60.000.000
47%
Welches ist keins der großen „D‘s“, was die Alliierten in Deutschland durchsetzen? Deportation
41%
Wer ist keiner der fünf Köpfe des Dritten Reichs? Albert Speer
38%
Welchen Namen trug das schon damals größte Land der Welt (Flächenanteilmäßig) nicht? Russische Föderation
36%
Wer übernimmt für die letzten 8 Tage des Dritten Reichs Hitlers Posten Reichsadmiral Dönitz
31%
Was passiert nach Kriegsende nicht mit Deutschland? Das Regime wird neu besetzt
30%
Welches Land kapituliert am schnellsten vor der deutschen Armee? Dänemark
29%
Welches im Krieg eroberte Gebiet gehört nach Hitlers Ansichten nicht zwingend zum Hauptterritorium des Großdeutschen Reiches? Niederlande
25%
Welches Land ist an der „Balkanfront“ nicht beteiligt? Albanien
24%
Keine übereinstimmenden Quizze gefunden
Verteilung der Resultate
Anzahl Personen mit jedem Resultat
Perzentil nach korrekt beantworteten Fragen
Ihre Resultats-Entwicklung
Sie haben dieses Quiz noch nicht gespielt